000 nam a22 7a 4500
999 _c8805
_d8805
008 180119b ||||| |||| 00| 0 eng d
100 _aNCERT
_95137
245 _aIndia People and Economics XII
260 _aNCERT
_bNew Delhi
_c2007